00477 a2200169 450000100060000002000180000604000370002410000220006124000290008324500240011230000090013636200090014565000240015494200070017895201050018599900170029076034 a9788593083068 cAnchieta - Colégio São Paulo aNûnez, Emília10aA banda das meninaslpor10aA banda das meninas a[36]0 a2019 4aLiteratura infantil cBK 00104070a88.1b88.1d2023-11-22l0oLI 028.5 N972bp8209/CSPr2023-11-22 14:33:46w2023-11-22yBK c76034d76034